00272 a2200109 4500001000700000020000600007040001100013100003200024240005100056245004600107362000900153167238 a  cMagnum aSilva, Ezequiel Theodoro da10aProfessor de 1º grau: identidade em jogolpor10aProfessor de 1º grau: identidade em jogo0 a1899